[Event "Jan Macieja Memorial"]
[Site "Warsaw POL"]
[Date "2023.07.10"]
[Round "5.27"]
[White "Nesterenko, Kyrylo"]
[Black "Minald, Andrey"]
[Result "1-0"]
[WhiteElo "1941"]
[BlackElo "2155"]
[EventDate "2023.07.10"]
[PlyCount "122"]

1.Nf3 f5 2.g3 Nf6 3.Bg2 g6 4.O-O Bg7 5.c4 O-O 6.Nc3 d6 7.d4 c6 8.Qc2 Be6 9.d5 
cxd5 10.Ng5 Bf7 11.Nxf7 Rxf7 12.Nxd5 Qd7 13.Bg5 Nc6 14.Rfd1 Rc8 15.Nxf6+ Bxf6 
16.Bxf6 Rxf6 17.c5 Rd8 18.Qb3+ Kg7 19.Rac1 h5 20.Qc3 a6 21.cxd6 exd6 22.Bxc6 
bxc6 23.Qxc6 Qxc6 24.Rxc6 a5 25.Ra6 Rb8 26.b3 Rb5 27.Rd4 d5 28.Ra7+ Kh6 29.Ra4 
Re6 30.e3 Rc5 31.R7xa5 Rc2 32.Rxd5 Rb2 33.h4 Rc6 34.Rd1 Rcc2 35.Rf1 Kg7 36.Ra6 
Kf7 37.Kg2 Kg7 38.Ra4 Re2 39.Ra6 Rxe3 40.Rd1 Ree2 41.Rf1 Rec2 42.Ra7+ Kh6 
43.Kf3 Re2 44.a4 Rec2 45.Rb7 Rc3+ 46.Kg2 Rcc2 47.a5 Rc5 48.b4 Rxa5 49.bxa5 Rxb7 
50.Ra1 Ra7 51.a6 g5 52.hxg5+ Kxg5 53.Kf3 Kg6 54.Kf4 Kf6 55.Ra5 Kg6 56.f3 Kh6 
57.Kxf5 Rf7+ 58.Ke4 Re7+ 59.Kd5 Rd7+ 60.Kc6 Rf7 61.a7 Rxf3 1-0

[Event "Jan Macieja Memorial"]
[Site "Warsaw POL"]
[Date "2023.07.10"]
[Round "5.28"]
[White "Niezhentsev, Kyrylo"]
[Black "Lasota, Adam"]
[Result "1/2-1/2"]
[WhiteElo "2151"]
[BlackElo "1903"]
[EventDate "2023.07.10"]
[PlyCount "151"]

1.e4 b6 2.d4 Bb7 3.Nc3 e6 4.Nf3 Bb4 5.Bd3 Nf6 6.Qe2 d5 7.e5 Ne4 8.Bd2 Bxc3 
9.Bxc3 Nxc3 10.bxc3 c5 11.Bb5+ Bc6 12.O-O O-O 13.Rfd1 Qd7 14.Bxc6 Nxc6 15.Rd3 
h6 16.Nh4 cxd4 17.cxd4 Qe7 18.Qg4 Qg5 19.Qh3 Ne7 20.Rg3 Qh5 21.Re1 Rac8 22.c3 
b5 23.Rg4 Rxc3 24.Qxc3 Qxg4 25.Nf3 Nf5 26.h3 Qf4 27.g3 Nxg3 28.fxg3 Qxg3+ 
29.Kf1 Qxh3+ 30.Kf2 Qf5 31.Rg1 a5 32.Qd2 Rc8 33.Rc1 Rc4 34.Rxc4 dxc4 35.Qxa5 
Qc2+ 36.Qd2 Qa4 37.Ne1 b4 38.Qc2 b3 39.axb3 cxb3 40.Qb2 Qa7 41.Nd3 Qb7 42.Nc5 
Qb4 43.Nxb3 Qc4 44.Nd2 Qd3 45.Qb8+ Kh7 46.Qb1 Qxb1 47.Nxb1 Kg6 48.Kf3 Kf5 
49.Nc3 g5 50.Ne4 g4+ 51.Ke3 h5 52.Nd6+ Kg6 53.Kf4 f6 54.Ne4 f5 55.Nf6 h4 
56.Nxg4 fxg4 57.Kxg4 h3 58.Kxh3 Kf5 59.Kg3 Ke4 60.Kg4 Kxd4 61.Kf3 Kd5 62.Kf4 
Kd4 63.Kf3 Kxe5 64.Ke3 Kd5 65.Kd3 e5 66.Ke3 e4 67.Ke2 Ke5 68.Ke3 Kf5 69.Ke2 Kf4 
70.Kf2 e3+ 71.Ke2 Ke4 72.Ke1 Kd4 73.Ke2 Ke4 74.Ke1 Kd3 75.Kd1 Kc3 76.Ke2 1/2-1/2

[Event "Jan Macieja Memorial"]
[Site "Warsaw POL"]
[Date "2023.07.10"]
[Round "5.29"]
[White "Dzida, Kamil"]
[Black "Celinski, Kamil"]
[Result "1-0"]
[WhiteElo "2139"]
[BlackElo "1855"]
[EventDate "2023.07.10"]
[PlyCount "127"]

1.d4 Nf6 2.c4 g6 3.Nc3 Bg7 4.e4 d6 5.Bd3 O-O 6.Nge2 e5 7.d5 c6 8.O-O cxd5 
9.cxd5 Ne8 10.Be3 f5 11.exf5 gxf5 12.f4 e4 13.Bc2 Nf6 14.h3 a6 15.Nd4 b5 16.a3 
Qe8 17.Qd2 Nh5 18.Rad1 Qg6 19.Qf2 Ng3 20.Rfe1 Bf6 21.Qd2 Rf7 22.Bf2 Nh5 23.Ne6 
Nd7 24.g4 Bxc3 25.bxc3 fxg4 26.Bxe4 Qf6 27.hxg4 Nxf4 28.Nxf4 Qxf4 29.Qxf4 Rxf4 
30.Bf5 Ne5 31.Bg3 Rxf5 32.gxf5 Nf3+ 33.Kf2 Nxe1 34.Rxe1 Bxf5 35.Bxd6 Rd8 36.Bc5 
Rxd5 37.Bd4 Rd7 38.Kg3 Kf7 39.Kf4 Be6 40.Rg1 Kf8 41.Ke5 Bf7 42.Bc5+ Ke8 43.Kf6 
Bc4 44.Re1+ Kd8 45.Bb6+ Kc8 46.Re8+ Kb7 47.Bd4 Rd6+ 48.Ke5 Rd5+ 49.Ke4 Rd7 
50.Be5 Bd5+ 51.Kf4 Kb6 52.Rf8 Ka5 53.Rf6 Bb7 54.Bd4 Ka4 55.Bc5 Kb3 56.Ke3 Kxc3 
57.Bb4+ Kb3 58.Rf8 h5 59.Rh8 Rd5 60.Rh7 Bc8 61.Rh8 Bb7 62.Rh7 Bc8 63.Rh8 Bb7 
64.Rh7 1-0

[Event "Jan Macieja Memorial"]
[Site "Warsaw POL"]
[Date "2023.07.10"]
[Round "5.30"]
[White "Kaminski, Maciej"]
[Black "Kaliszuk, Kamil"]
[Result "1-0"]
[WhiteElo "1905"]
[BlackElo "2134"]
[EventDate "2023.07.10"]
[PlyCount "94"]

1.e4 c5 2.Nf3 Nf6 3.Nc3 d5 4.Bb5+ Bd7 5.Bxd7+ Qxd7 6.exd5 Nxd5 7.d4 Nxc3 8.bxc3 
e6 9.Ne5 Qd5 10.O-O Nc6 11.Nxc6 Qxc6 12.a4 Be7 13.Ba3 O-O 14.a5 Rfd8 15.Qh5 
Rac8 16.Rab1 Rd5 17.Qf3 Bf8 18.Bxc5 Bxc5 19.dxc5 Rc7 20.Rfd1 Rxd1+ 21.Rxd1 g6 
22.Qf6 Rd7 23.Rxd7 Qxd7 24.Qd4 Qb5 25.Qd8+ Kg7 26.Qd4+ f6 27.Qb4 Qc6 28.h3 Kf7 
29.c4 Ke7 30.Kf1 Qe4 31.Qc3 Qc6 32.Qb4 e5 33.f3 Kd7 34.Qb5 Kc7 35.Ke2 Qe6 
36.Qb3 e4 37.fxe4 Qxe4+ 38.Kf2 Qd4+ 39.Qe3 Qxe3+ 40.Kxe3 Kc6 41.Kd4 h5 42.g4 
hxg4 43.hxg4 g5 44.Ke4 Kxc5 45.Kf5 b6 46.axb6 Kxb6 47.Ke6 a5 1-0

[Event "Jan Macieja Memorial"]
[Site "Warsaw POL"]
[Date "2023.07.10"]
[Round "5.32"]
[White "Gluszko, Monika"]
[Black "Golecki, Jan"]
[Result "0-1"]
[WhiteElo "1829"]
[BlackElo "2122"]
[EventDate "2023.07.10"]
[PlyCount "46"]

1.e4 d6 2.d4 Nf6 3.Nc3 Nbd7 4.f4 e5 5.Nf3 exd4 6.Nxd4 c6 7.Be3 Qa5 8.Qf3 g6 
9.g4 Nc5 10.h3 Nfxe4 11.Bc4 Nxc3 12.Bd2 Bg7 13.Bxc3 Qc7 14.O-O-O O-O 15.f5 d5 
16.Be2 Ne4 17.Nb3 Nxc3 18.bxc3 Qe5 19.Rd3 gxf5 20.gxf5 Bxf5 21.Re3 Bh6 22.Rg1+ 
Kh8 23.Kb2 Qxe3 0-1

[Event "Jan Macieja Memorial"]
[Site "Warsaw POL"]
[Date "2023.07.10"]
[Round "5.33"]
[White "Karut, Kacper"]
[Black "Rekuc, Patryk"]
[Result "1/2-1/2"]
[WhiteElo "1796"]
[BlackElo "2108"]
[EventDate "2023.07.10"]
[PlyCount "155"]

1.e4 c5 2.Nf3 d6 3.d4 cxd4 4.Nxd4 Nf6 5.Nc3 a6 6.h4 e5 7.Nb3 Be7 8.Bg5 Be6 
9.Qd2 Nbd7 10.O-O-O Rc8 11.f4 b5 12.f5 Bc4 13.Bd3 h6 14.Bxf6 Nxf6 15.Kb1 Qb6 
16.Qe2 h5 17.Nd2 Bxd3 18.Qxd3 O-O 19.Nd5 Nxd5 20.Qxd5 Qc6 21.Qxc6 Rxc6 22.Nf1 
Rc4 23.Nd2 Rc6 24.Nf1 Rc4 25.Nd2 Rc6 26.Nf1 Rc4 27.Nd2 Rc6 28.Nf1 Rc4 29.Nd2 
Rc6 30.Nf1 Rc4 31.Nd2 Rc6 32.Nf1 Rc4 33.Nd2 Rc7 34.Nf1 Rc4 35.Nd2 Rd4 36.c3 Rd3 
37.Nf3 Re3 38.Rhe1 Rxe1 39.Rxe1 Rd8 40.Rd1 g6 41.fxg6 fxg6 42.g3 Rf8 43.Rd3 Rc8 
44.Kc2 Rc4 45.Re3 Bd8 46.b3 Rc8 47.Rd3 Be7 48.Rd5 Kf7 49.Kd3 Ke6 50.c4 bxc4+ 
51.bxc4 Rf8 52.Nd2 Rf2 53.Ra5 Rg2 54.Rxa6 Rxg3+ 55.Kc2 Kd7 56.Ra7+ Ke6 57.Ra6 
Re3 58.c5 Re2 59.Kd3 Rh2 60.cxd6 Rh3+ 61.Kc4 Bxh4 62.d7+ Kxd7 63.Rxg6 Bf2 
64.Nb3 Rg3 65.Rh6 Rg4 66.Kd5 Rg2 67.Rxh5 Bd4 68.Rh7+ Ke8 69.Rh8+ Ke7 70.Nxd4 
exd4 71.Kxd4 Rxa2 72.Rh7+ Ke6 73.Rh6+ Ke7 74.Ke5 Ra5+ 75.Kf4 Rb5 76.e5 Rb1 
77.Kf5 Rf1+ 78.Ke4 1/2-1/2

[Event "Jan Macieja Memorial"]
[Site "Warsaw POL"]
[Date "2023.07.10"]
[Round "5.34"]
[White "Kotowicz, Kamil"]
[Black "Redzisz, Michal"]
[Result "1-0"]
[WhiteElo "1726"]
[BlackElo "2103"]
[EventDate "2023.07.10"]
[PlyCount "121"]

1.d4 Nf6 2.c4 g6 3.Nc3 d5 4.cxd5 Nxd5 5.Bd2 Bg7 6.e4 Nb6 7.Be3 O-O 8.Nf3 Bg4 
9.Be2 Nc6 10.d5 Bxf3 11.Bxf3 Ne5 12.Bxb6 axb6 13.Be2 f5 14.O-O f4 15.f3 c5 
16.Qb3 Kh8 17.Na4 Nd7 18.Bb5 Bd4+ 19.Kh1 Rf6 20.Bxd7 Qxd7 21.Nxb6 Rxb6 22.Qxb6 
Ra6 23.Qb3 g5 24.Rfd1 g4 25.Rxd4 cxd4 26.Qd3 e5 27.dxe6 Rxe6 28.Rd1 Rd6 29.e5 
Rd5 30.Qe4 Qe6 31.Qxf4 Qe7 32.Rxd4 Rxe5 33.Re4 Rxe4 34.Qxe4 Qc5 35.Qe1 gxf3 
36.gxf3 Qd5 37.Kg2 Qxa2 38.Qe8+ Kg7 39.Qe7+ Kg6 40.Qxb7 Qa1 41.Qe4+ Kg7 42.Qd4+ 
Kg6 43.Qd3+ Kg7 44.Qc3+ Kg6 45.h4 Qd1 46.Qc6+ Kg7 47.Qc7+ Kg8 48.Qg3+ Kf8 
49.Qf4+ Kg8 50.b4 Qe2+ 51.Kg3 Qe1+ 52.Kg4 Qe6+ 53.Qf5 Qc4+ 54.Qf4 Qe6+ 55.Qf5 
Qc4+ 56.Qf4 Qe6+ 57.Kg3 Qe1+ 58.Kh3 Qf1+ 59.Kg4 Qg2+ 60.Qg3 h5+ 61.Kf4+ 1-0

[Event "Jan Macieja Memorial"]
[Site "Warsaw POL"]
[Date "2023.07.10"]
[Round "5.35"]
[White "Pancewicz, Szymon"]
[Black "Dworakowska, Joanna"]
[Result "0-1"]
[WhiteElo "1816"]
[BlackElo "2234"]
[EventDate "2023.07.10"]
[PlyCount "72"]

1.e4 c5 2.d3 Nc6 3.g3 g6 4.Bg2 Bg7 5.f4 Rb8 6.Nf3 b5 7.O-O d6 8.c3 b4 9.Kh1 
bxc3 10.bxc3 h5 11.d4 cxd4 12.cxd4 Bg4 13.e5 h4 14.gxh4 Kf8 15.Nc3 d5 16.Qe1 e6 
17.Ba3+ Nge7 18.Qf2 Kg8 19.Rac1 Nf5 20.Ne2 Rb6 21.h3 Bxf3 22.Bxf3 Qxh4 23.Qxh4 
Rxh4 24.Bg4 Ne3 25.Rg1 Nxg4 26.Rxg4 Rxh3+ 27.Kg2 Rxa3 28.Rc2 Bh6 29.Rh4 Kg7 
30.Rh1 Nb4 31.Rc7 Rxa2 32.Kf3 Rba6 33.Rb1 R6a3+ 34.Nc3 a5 35.Kg4 Rg2+ 36.Kf3 
Rc2 0-1

[Event "Jan Macieja Memorial"]
[Site "Warsaw POL"]
[Date "2023.07.10"]
[Round "5.36"]
[White "Fistek, Dariusz"]
[Black "Pesko, Tomasz"]
[Result "1-0"]
[WhiteElo "2159"]
[BlackElo "1904"]
[EventDate "2023.07.10"]
[PlyCount "103"]

1.d4 Nf6 2.c4 g6 3.Nc3 Bg7 4.Nf3 d6 5.g3 O-O 6.Bg2 c6 7.O-O Nbd7 8.h3 e5 9.e4 
Re8 10.Re1 exd4 11.Nxd4 Qb6 12.Nb3 Qc7 13.Bf4 Ne5 14.Qe2 Be6 15.Nd2 Rad8 
16.Rac1 Qc8 17.Kh2 Nh5 18.Bg5 f6 19.Be3 b6 20.f4 Nf7 21.g4 Nxf4 22.Bxf4 f5 
23.g5 Ne5 24.b3 Re7 25.Nf3 Rde8 26.Bxe5 dxe5 27.Rcd1 Bf8 28.Nxe5 Qc7 29.exf5 
Bxf5 30.Qf2 Bg7 31.Kh1 Bxe5 32.Ne4 Bxe4 33.Rxe4 Bg7 34.Rxe7 Rxe7 35.Qf3 Rf7 
36.Qxc6 Qxc6 37.Bxc6 Rc7 38.Rd8+ Kf7 39.Bd5+ Ke7 40.Rg8 Kd6 41.Kg2 Ke5 42.Kf3 
Kf5 43.h4 Ke5 44.Re8+ Kd4 45.Bg8 Be5 46.Rd8+ Kc3 47.Ke4 Bg3 48.Rd3+ Kb2 49.Rxg3 
Kxa2 50.Ke5 Rg7 51.Be6 Rc7 52.Ke4 1-0

[Event "Jan Macieja Memorial"]
[Site "Warsaw POL"]
[Date "2023.07.10"]
[Round "5.37"]
[White "Ochedzan, Tymon"]
[Black "Jasiulewicz, Dawid"]
[Result "1-0"]
[WhiteElo "2149"]
[BlackElo "1797"]
[EventDate "2023.07.10"]
[PlyCount "95"]

1.e4 c5 2.Nf3 d6 3.d4 cxd4 4.Nxd4 Nf6 5.Nc3 a6 6.Bg5 e6 7.f4 Qc7 8.Qf3 b5 
9.Bxf6 gxf6 10.Bd3 b4 11.Nce2 Bb7 12.Qh5 Qc5 13.f5 e5 14.Ne6 Qb6 15.Nxf8 Kxf8 
16.O-O-O Nc6 17.Bc4 Nd8 18.Ng3 Rc8 19.Bb3 Qe3+ 20.Kb1 Ke7 21.Rd3 Qf4 22.Rhd1 
Rc6 23.Qe2 Rb6 24.Rf1 Qh4 25.Qf2 Rc6 26.Qa7 Rc7 27.Rfd1 Nc6 28.Qb6 Rd7 29.Ba4 
Rc8 30.Qf2 Rdd8 31.Qd2 Nd4 32.Qxb4 Bxe4 33.Nxe4 Qxe4 34.Re1 Qxf5 35.Qxd4 Kf8 
36.Qe4 Qf2 37.Rf3 Qc5 38.Rxf6 Rb8 39.Bb3 d5 40.Qxh7 Rb7 41.Ref1 Rdd7 42.Qh8+ 
Ke7 43.Rxf7+ Kd6 44.Qf6+ Kc7 45.Qxe5+ Kb6 46.Rxd7 Rxd7 47.Rd1 a5 48.a3 1-0

[Event "Jan Macieja Memorial"]
[Site "Warsaw POL"]
[Date "2023.07.10"]
[Round "5.38"]
[White "Kultiyasov, Mikhail"]
[Black "Dunalewicz, Pawel"]
[Result "1-0"]
[WhiteElo "2104"]
[BlackElo "1783"]
[EventDate "2023.07.10"]
[PlyCount "43"]

1.e4 e6 2.d4 d5 3.Nd2 dxe4 4.Nxe4 Nd7 5.Bd3 Ngf6 6.Nf3 b6 7.Bg5 Be7 8.Qe2 Bb7 
9.Nxf6+ Nxf6 10.Bb5+ c6 11.Bd3 O-O 12.O-O-O Qd5 13.c4 Qa5 14.Kb1 c5 15.d5 Rfe8 
16.dxe6 fxe6 17.Qxe6+ Kh8 18.Ne5 Bc8 19.Nf7+ Kg8 20.Nh6+ Kh8 21.Qg8+ Rxg8 
22.Nf7# 1-0

[Event "Jan Macieja Memorial"]
[Site "Warsaw POL"]
[Date "2023.07.10"]
[Round "5.39"]
[White "Hury, Tymoteusz"]
[Black "Goslawski, Michal"]
[Result "0-1"]
[WhiteElo "1827"]
[BlackElo "1989"]
[EventDate "2023.07.10"]
[PlyCount "114"]

1.e4 c6 2.d4 d5 3.Nc3 dxe4 4.Nxe4 Nf6 5.Nxf6+ exf6 6.Bd3 Qxd4 7.Nf3 Qb6 8.O-O 
Be7 9.Re1 Be6 10.Be3 c5 11.c3 Qc7 12.Qc2 Nc6 13.a3 g6 14.b4 c4 15.Bf1 O-O 16.b5 
Ne5 17.Nxe5 fxe5 18.a4 Rfe8 19.Kh1 Bf6 20.Qc1 b6 21.f3 Rad8 22.Be2 Bf5 23.Qb2 
Bd3 24.Rad1 e4 25.fxe4 Rxe4 26.Bf3 Re7 27.Qf2 Bxc3 28.Rg1 Rde8 29.Bg5 Re6 
30.Bg4 f5 31.Bf3 Bf6 32.Bc1 Be4 33.Bxe4 Rxe4 34.Rd2 Qe7 35.Rc2 Qe6 36.Qf1 Kg7 
37.Bf4 h5 38.Bg3 h4 39.Bf2 Qd5 40.Qc1 h3 41.Rd1 hxg2+ 42.Kg1 Qe6 43.Rcd2 c3 
44.Rd6 Qc4 45.Qc2 R8e7 46.Rd7 Qe6 47.R7d6 Qf7 48.Qc1 R4e6 49.R6d5 Rc7 50.Qf4 
Ree7 51.Rd6 c2 52.Rc1 Be5 53.Qd2 Bxd6 54.Qxd6 Rcd7 55.Bd4+ Kh7 56.Qf4 Re4 
57.Qf2 Rexd4 0-1

[Event "Jan Macieja Memorial"]
[Site "Warsaw POL"]
[Date "2023.07.10"]
[Round "5.40"]
[White "Krzyzewski, Radoslaw"]
[Black "Taranowicz, Michal"]
[Result "1-0"]
[WhiteElo "1612"]
[BlackElo "1975"]
[EventDate "2023.07.10"]
[PlyCount "77"]

1.e4 Nf6 2.e5 Nd5 3.c4 Nb6 4.d4 d6 5.f4 dxe5 6.fxe5 Bf5 7.Bd3 Bxd3 8.Qxd3 Nc6 
9.Nf3 e6 10.a3 Ne7 11.Bg5 c5 12.O-O cxd4 13.Nxd4 Rc8 14.b3 Qd7 15.Be3 Ng6 
16.Qe4 Bc5 17.Rd1 O-O 18.Nc3 Qe7 19.Ncb5 Nd7 20.b4 Bb6 21.c5 Bc7 22.Nxa7 Rb8 
23.c6 Ndxe5 24.cxb7 Bb6 25.Kh1 Bxa7 26.Nc6 Nxc6 27.Qxc6 Bxe3 28.Rd7 Qh4 29.Qc3 
Bf4 30.g3 Be5 31.gxh4 Bxc3 32.Rc1 Be5 33.h5 Nf4 34.Rc5 f6 35.a4 Rfd8 36.Rxd8+ 
Rxd8 37.Rc8 Bc7 38.Rxd8+ Bxd8 39.b8=Q 1-0

[Event "Jan Macieja Memorial"]
[Site "Warsaw POL"]
[Date "2023.07.10"]
[Round "5.41"]
[White "Adamski, Jan"]
[Black "Zareba, Piotr"]
[Result "1-0"]
[WhiteElo "1966"]
[BlackElo "1743"]
[EventDate "2023.07.10"]
[PlyCount "250"]

1.e4 e5 2.f4 d5 3.exd5 exf4 4.Nf3 Nf6 5.Nc3 Nxd5 6.Nxd5 Qxd5 7.d4 Nc6 8.Be2 Bd6 
9.O-O O-O 10.c4 Qe4 11.Bd3 Qe8 12.c5 Be7 13.Bxf4 Bg4 14.Bc2 Bf6 15.Qd3 g6 
16.Bh6 Nb4 17.Qc3 Nxc2 18.Qxc2 Bxf3 19.Rxf3 Bxd4+ 20.Kh1 Bg7 21.Bg5 Qe5 22.Bh4 
Rae8 23.Bg3 Qxb2 24.Qxb2 Bxb2 25.Rb1 Re2 26.Bxc7 Rfe8 27.Rbf1 f5 28.h3 Rc2 
29.R1f2 Re1+ 30.Kh2 Rxf2 31.Rxf2 Be5+ 32.Bxe5 Rxe5 33.Rc2 Kg7 34.Kg3 Re4 35.Kf3 
Ra4 36.g4 Ra3+ 37.Kf4 fxg4 38.hxg4 Ra4+ 39.Kg3 Kf6 40.Rd2 Ke7 41.Re2+ Kf6 
42.Rf2+ Ke6 43.Re2+ Kd5 44.Re7 Kxc5 45.Rxb7 h5 46.gxh5 gxh5 47.Rh7 Rxa2 
48.Rxh5+ Kb4 49.Kf4 a5 50.Ke3 Rc2 51.Rh4+ Kb3 52.Rh6 a4 53.Rb6+ Kc3 54.Rc6+ Kb2 
55.Ra6 a3 56.Kd3 Rc3+ 57.Kd2 Rc8 58.Rb6+ Ka2 59.Kd3 Rc1 60.Kd2 Rb1 61.Ra6 Rb2+ 
62.Kc3 Rb3+ 63.Kc2 Rb5 64.Ra7 Rc5+ 65.Kd3 Kb3 66.Rb7+ Ka2 67.Kd2 Rc8 68.Kd3 Ka1 
69.Kd2 Rc6 70.Kd3 Rc1 71.Kd2 Rb1 72.Ra7 Ka2 73.Kc2 Rb2+ 74.Kc3 Rb3+ 75.Kc2 Rb6 
76.Ra8 Rc6+ 77.Kd3 Rc7 78.Kd2 Kb3 79.Rb8+ Kc4 80.Ra8 Kb4 81.Rb8+ Ka4 82.Ra8+ 
Kb3 83.Rb8+ Ka2 84.Ra8 Rc5 85.Kd3 Kb2 86.Rb8+ Kc1 87.Ra8 Kb2 88.Rb8+ Ka1 89.Kd2 
Rc4 90.Kd3 Rc1 91.Kd2 Rb1 92.Ra8 Rb3 93.Kc2 Rh3 94.Kc1 Ka2 95.Kc2 Rh2+ 96.Kc3 
Rg2 97.Ra7 Rb2 98.Ra6 Rb8 99.Kc2 Rc8+ 100.Kd3 Rc5 101.Ra8 Rb5 102.Kc3 Rc5+ 
103.Kd3 Kb3 104.Rb8+ Ka4 105.Ra8+ Kb3 106.Rb8+ Ka2 107.Ra8 Kb2 108.Rb8+ Ka1 
109.Kd2 a2 110.Rb7 Rh5 111.Kc3 Rh1 112.Ra7 Rc1+ 113.Kd2 Rc6 114.Kd3 Kb2 
115.Rb7+ Ka1 116.Kd2 Rc5 117.Kd3 Rd5+ 118.Kc3 Rc5+ 119.Kd3 Rc1 120.Kd2 Rb1 
121.Ra7 Kb2 122.Rb7+ Ka3 123.Ra7+ Kb3 124.Rb7+ Kc4 125.Rc7+ Kd5 1-0

[Event "Jan Macieja Memorial"]
[Site "Warsaw POL"]
[Date "2023.07.10"]
[Round "5.42"]
[White "Podgorski, Maciej"]
[Black "Malicki, Jan"]
[Result "0-1"]
[WhiteElo "1945"]
[BlackElo "1551"]
[EventDate "2023.07.10"]
[PlyCount "60"]

1.d4 Nf6 2.c4 c5 3.d5 b5 4.Nf3 b4 5.Qc2 g6 6.e4 d6 7.h3 Bg7 8.Bf4 O-O 9.Nbd2 e5 
10.dxe6 fxe6 11.Bg5 Qc7 12.Bd3 Bb7 13.O-O Nc6 14.Rad1 Nd7 15.Rfe1 Nde5 16.Nxe5 
Bxe5 17.Nf3 Rxf3 18.gxf3 Nd4 19.Qc1 Nxf3+ 20.Kh1 Nxe1 21.Rxe1 Rf8 22.f4 Bd4 
23.h4 Qg7 24.Qd1 h6 25.Qg4 hxg5 26.Qxe6+ Qf7 27.Qxd6 Qxf4 28.Qxg6+ Bg7 29.hxg5 
Qh4+ 30.Kg2 Rf2+ 0-1

[Event "Jan Macieja Memorial"]
[Site "Warsaw POL"]
[Date "2023.07.10"]
[Round "5.43"]
[White "Boryna, Szymon"]
[Black "Marcinczyk, Monika"]
[Result "0-1"]
[WhiteElo "1553"]
[BlackElo "1945"]
[EventDate "2023.07.10"]
[PlyCount "72"]

1.b3 b6 2.Bb2 Bb7 3.Nf3 Nf6 4.e3 g6 5.c4 Bg7 6.d4 O-O 7.Nbd2 d5 8.cxd5 Nxd5 
9.a3 c5 10.Bc4 Nc6 11.O-O cxd4 12.Nxd4 Ne5 13.Be2 Rc8 14.N2f3 Nxf3+ 15.Bxf3 Qd7 
16.Qd2 Rfd8 17.Rfd1 e5 18.Ne2 Qe7 19.e4 Nf4 20.Qe3 Rc2 21.Rxd8+ Qxd8 22.Bc3 
Nxe2+ 23.Bxe2 Bxe4 24.Bxe5 Bxe5 25.Qxe4 Rxe2 26.Qxe2 Bxa1 27.h3 Bc3 28.b4 Qd2 
29.Qe8+ Kg7 30.Qe7 Bd4 31.Qe4 Qxf2+ 32.Kh2 Qg1+ 33.Kg3 Qe3+ 34.Qxe3 Bxe3 35.Kf3 
Bc1 36.a4 a6 0-1

[Event "Jan Macieja Memorial"]
[Site "Warsaw POL"]
[Date "2023.07.10"]
[Round "5.45"]
[White "Bukala, Weronika"]
[Black "Kubicka, Anna"]
[Result "0-1"]
[WhiteElo "1687"]
[BlackElo "2144"]
[EventDate "2023.07.10"]
[PlyCount "94"]

1.e4 c6 2.d4 d5 3.e5 c5 4.dxc5 e6 5.Bd3 Bxc5 6.Qg4 g6 7.h4 h5 8.Qg3 Nh6 9.Bxg6 
fxg6 10.Qxg6+ Nf7 11.Nf3 Qb6 12.O-O Nd7 13.Nc3 Nf8 14.Qg7 Rh7 15.Qg3 Bd7 16.Ng5 
Rg7 17.Qf3 Nxg5 18.Bxg5 Be7 19.Qxh5+ Rf7 20.Rae1 Nh7 21.Bxe7 Kxe7 22.Re3 Rg8 
23.Rf3 Rxf3 24.Qxf3 Qd4 25.Qh5 Rg7 26.Ne2 Qg4 27.Qxg4 Rxg4 28.g3 Bb5 29.Re1 Re4 
30.Kf1 Rxe5 31.f4 Rxe2 32.Rxe2 Nf6 33.Ke1 Bxe2 34.Kxe2 Ne4 35.Kf3 Kf6 36.g4 b5 
37.g5+ Kf5 38.h5 a5 39.g6 Nf6 40.g7 Ng8 41.Kg3 b4 42.c3 bxc3 43.bxc3 a4 44.Kf3 
Nh6 45.Kg3 Kf6 46.Kh4 Nf5+ 47.Kh3 Nxg7 0-1

[Event "Jan Macieja Memorial"]
[Site "Warsaw POL"]
[Date "2023.07.10"]
[Round "5.46"]
[White "Lada, Marek"]
[Black "Yasmo, Daniil"]
[Result "1/2-1/2"]
[WhiteElo "2133"]
[BlackElo "1678"]
[EventDate "2023.07.10"]
[PlyCount "36"]

1.d4 Nf6 2.c4 e6 3.g3 d5 4.Bg2 c5 5.cxd5 exd5 6.Nf3 Nc6 7.Nc3 Be6 8.O-O h6 9.b3 
Rc8 10.Bb2 cxd4 11.Nxd4 Bc5 12.Nxe6 fxe6 13.e3 O-O 14.Rc1 Be7 15.Bh3 Kf7 16.Qd2 
Ne5 17.f4 Neg4 18.Rfe1 Bc5 1/2-1/2

[Event "Jan Macieja Memorial"]
[Site "Warsaw POL"]
[Date "2023.07.10"]
[Round "5.47"]
[White "Kovalevsky, Stanislav"]
[Black "Obukhava, Anastasiya"]
[Result "0-1"]
[WhiteElo "2133"]
[BlackElo "1663"]
[EventDate "2023.07.10"]
[PlyCount "126"]

1.e4 c5 2.b3 e6 3.Bb2 Nf6 4.e5 Nd5 5.Nf3 Nc6 6.Nc3 Nxc3 7.Bxc3 Be7 8.h4 h6 9.g4 
b6 10.Bg2 Bb7 11.Qe2 Qc7 12.O-O-O O-O-O 13.Kb1 Rhg8 14.d3 d5 15.exd6 Bxd6 
16.Nd2 Nd4 17.Bxb7+ Qxb7 18.Qe4 Nb5 19.Bb2 Bc7 20.Rh3 Qxe4 21.Nxe4 f5 22.gxf5 
exf5 23.Nd2 g5 24.hxg5 hxg5 25.Nc4 g4 26.Rh7 f4 27.a4 Nd4 28.Bxd4 cxd4 29.Re1 
Rde8 30.Rxe8+ Rxe8 31.Rg7 g3 32.fxg3 fxg3 33.Nd2 Re2 34.Ne4 g2 35.Kb2 Bh2 
36.Rg8+ Kc7 37.Rg7+ Kb8 38.Rg8+ Kb7 39.Rg7+ Ka6 40.b4 g1=Q 41.b5+ Ka5 42.Rxa7+ 
Kb4 43.Rc7 Rxe4 44.Rc4+ Ka5 45.dxe4 Qe3 46.Rc8 Qxe4 47.Kb3 Qd5+ 48.c4 dxc3+ 
49.Kc2 Qd2+ 50.Kb3 Qb2+ 51.Kc4 Qb4+ 52.Kd3 Kxa4 53.Kc2 Kxb5 54.Rxc3 Qxc3+ 
55.Kxc3 Kc5 56.Kb3 Be5 57.Kc2 b5 58.Kb3 b4 59.Ka2 Kc4 60.Kb1 b3 61.Kc1 Kc3 
62.Kb1 b2 63.Ka2 Kc2 0-1

[Event "Jan Macieja Memorial"]
[Site "Warsaw POL"]
[Date "2023.07.10"]
[Round "5.48"]
[White "Stefaniuk, Zbigniew"]
[Black "Fiszer, Bartosz"]
[Result "1-0"]
[WhiteElo "1684"]
[BlackElo "2132"]
[EventDate "2023.07.10"]
[PlyCount "51"]

1.Nf3 Nf6 2.c4 g6 3.Nc3 Bg7 4.d4 d6 5.e4 O-O 6.Be2 e5 7.Be3 Ng4 8.Bg5 f6 9.Bh4 
g5 10.Bg3 Nh6 11.d5 f5 12.exf5 Nxf5 13.Ne4 h6 14.Qc2 Na6 15.a3 g4 16.Nfd2 h5 
17.h3 Nd4 18.Qd3 h4 19.Bh2 gxh3 20.gxh3 Bf5 21.Rg1 Nc5 22.Qb1 Nxe4 23.Nxe4 Nb3 
24.Ra2 Nc5 25.Bd3 Bxe4 26.Bxe4 1-0

[Event "Jan Macieja Memorial"]
[Site "Warsaw POL"]
[Date "2023.07.10"]
[Round "5.49"]
[White "Zubova, Mariya"]
[Black "Sternik, Piotr"]
[Result "1-0"]
[WhiteElo "2116"]
[BlackElo "1642"]
[EventDate "2023.07.10"]
[PlyCount "118"]

1.d4 Nf6 2.c4 g6 3.Nc3 Bg7 4.e4 d6 5.Be2 O-O 6.f4 a5 7.Nf3 Na6 8.O-O e5 9.fxe5 
dxe5 10.Nxe5 c5 11.d5 Nxe4 12.Nxe4 Bxe5 13.Bg5 f6 14.Bh6 Re8 15.Bf3 Bf5 16.Re1 
Bxe4 17.Rxe4 f5 18.Rxe5 Rxe5 19.Bf4 Re8 20.d6 Qd7 21.Bd5+ Kg7 22.Qf3 h6 23.Bxb7 
Ra7 24.Bc6 Qe6 25.Bxe8 Qxe8 26.Qc3+ Kh7 27.Re1 Qf7 28.Qe5 Nb4 29.Qe8 Nd3 
30.Qxf7+ Rxf7 31.Re7 Kg7 32.Be3 Rxe7 33.dxe7 Kf7 34.Bxh6 Nxb2 35.Be3 Na4 36.Kf1 
Kxe7 37.Ke2 Kd6 38.Kd3 Nb6 39.h3 Nd7 40.Bf4+ Kc6 41.g4 fxg4 42.hxg4 Nf6 43.g5 
Nh5 44.Be3 Ng7 45.Bf4 Nf5 46.Ke4 Nd4 47.Be5 Nc2 48.a4 Ne1 49.Bc3 Ng2 50.Kf3 
Nh4+ 51.Kf4 Nf5 52.Ke5 Ne3 53.Kf6 Nxc4 54.Kxg6 Nd6 55.Bxa5 Kb7 56.Kf6 Ka6 
57.Be1 Ne4+ 58.Kf5 Nxg5 59.Kxg5 c4 1-0

[Event "Jan Macieja Memorial"]
[Site "Warsaw POL"]
[Date "2023.07.10"]
[Round "5.50"]
[White "Smetek, Michal"]
[Black "Holubczat, Maciej"]
[Result "1/2-1/2"]
[WhiteElo "2036"]
[BlackElo "1635"]
[EventDate "2023.07.10"]
[PlyCount "110"]

1.d4 Nf6 2.c4 g6 3.Nc3 Bg7 4.g3 d6 5.Bg2 O-O 6.Nf3 a6 7.O-O Nc6 8.d5 Nb8 9.e4 
c6 10.a4 e5 11.dxe6 Bxe6 12.Qe2 h6 13.Rd1 Qe7 14.Bf4 Rd8 15.e5 dxe5 16.Rxd8+ 
Qxd8 17.Bxe5 Nbd7 18.Bd4 a5 19.Rd1 Qc7 20.h3 Re8 21.Be3 Kh7 22.Nd4 Nc5 23.Nxe6 
Nxe6 24.Qc2 Nd7 25.Ne4 f5 26.Nd2 Nec5 27.Nf3 Ne4 28.Nd2 Ndf6 29.Nxe4 Nxe4 30.c5 
Nxg3 31.Rd6 Ne4 32.Bxe4 Rxe4 33.Qd2 Re7 34.Kg2 Be5 35.Rd3 f4 36.Bd4 Bxd4 
37.Rxd4 Qe5 38.Qxf4 Qxc5 39.Rd8 Qe5 40.Qf8 Qe4+ 41.Kg1 Qe1+ 42.Kh2 Qe5+ 43.Kg2 
Qe4+ 44.Kg3 Qe5+ 45.Kg2 Qg5+ 46.Kf1 Qc1+ 47.Kg2 Qg5+ 48.Kh2 Qe5+ 49.Kg1 Qe1+ 
50.Kg2 Qe4+ 51.Kh2 Qe5+ 52.Kg2 Qe4+ 53.Kg1 Qe1+ 54.Kg2 Qe4+ 55.Kh2 Qe5+ 1/2-1/2

[Event "Jan Macieja Memorial"]
[Site "Warsaw POL"]
[Date "2023.07.10"]
[Round "5.51"]
[White "Bartoszewicz, Marcin"]
[Black "Zhuk, Ivan"]
[Result "1-0"]
[WhiteElo "1668"]
[BlackElo "2032"]
[EventDate "2023.07.10"]
[PlyCount "93"]

1.e4 c5 2.Nf3 d6 3.d4 cxd4 4.Qxd4 Nc6 5.Bb5 Bd7 6.Bxc6 Bxc6 7.Nc3 Nf6 8.Bg5 e6 
9.O-O-O Be7 10.Rhe1 O-O 11.Kb1 Qc7 12.Bxf6 Bxf6 13.Qxd6 Qa5 14.e5 Rad8 15.Qa3 
Qxa3 16.bxa3 Rxd1+ 17.Nxd1 Be7 18.Kb2 Rd8 19.Ne3 Bxf3 20.gxf3 Rd2 21.Rd1 Rxf2 
22.Rd7 Bf8 23.Rxb7 Rxf3 24.Nc4 g5 25.Rxa7 h5 26.Rd7 Rf4 27.Kb3 g4 28.a4 Rf1 
29.a5 Rb1+ 30.Nb2 Re1 31.Nd3 Rb1+ 32.Nb2 Re1 33.Nc4 Rb1+ 34.Nb2 Re1 35.a6 Rxe5 
36.Nc4 Rb5+ 37.Kc3 Rb8 38.a7 Rc8 39.Rb7 Bg7+ 40.Kd3 Rd8+ 41.Ke2 Bf8 42.Rb8 Rd4 
43.a8=Q Rxc4 44.Rxf8+ Kg7 45.Rg8+ Kh7 46.Qf8 Rxc2+ 47.Kd3 1-0

[Event "Jan Macieja Memorial"]
[Site "Warsaw POL"]
[Date "2023.07.10"]
[Round "5.52"]
[White "Kudlak, Julia"]
[Black "Adamczyk, Zuzanna"]
[Result "0-1"]
[WhiteElo "1656"]
[BlackElo "1983"]
[EventDate "2023.07.10"]
[PlyCount "69"]

1.d4 Nf6 2.c4 e6 3.Nf3 d5 4.g3 dxc4 5.Qa4+ Bd7 6.Qxc4 Bc6 7.Bg2 Nbd7 8.O-O Bd6 
9.Nc3 Nb6 10.Qd3 O-O 11.e4 Bb4 12.Ne5 Qe7 13.Nxc6 bxc6 14.a3 Bxc3 15.Qxc3 Qd7 
16.b3 Rad8 17.Bb2 a5 18.Rac1 a4 19.b4 Ne8 20.Qxc6 Nd6 21.Qxd7 Rxd7 22.Rc2 Ndc4 
23.Rfc1 Nxb2 24.Rxb2 Rxd4 25.Rxc7 Rd1+ 26.Bf1 Ra1 27.Rc3 g6 28.Kg2 Rd8 29.Rc6 
Nd7 30.Rd2 Kf8 31.Rcd6 Ke7 32.Bb5 Rxa3 33.Rxd7+ Rxd7 34.Rxd7+ Kf6 35.Ra7 0-1